Section 202 and Other HUD Rental Housing Programs for Low-Income Elderly Residents.

Describes HUD-operated programs that provide assisted housing and supportive services for the low-income elderly, and emphasizes the section 202 program providing direct, low-interest loans for new construction of rental housing for the elderly. Details current developments concerning housing for th...

Full description

Bibliographic Details
Corporate Authors: Library of Congress. Congressional Research Service, ProQuest (Firm)
Format: eBook
Language:English
Published: [Place of publication not identified] : [publisher not identified], 2009.
Series:U.S. Congressional Research.
Subjects:
Online Access:Connect to the full text of this electronic book

MARC

Tag First Indicator Second Indicator Subfields
LEADER 00000cam a22000001a 4500
001 in00003405721
006 m d f
007 cr bn mmmapmmp
008 101223s2009 dcu o f000 0 eng d
005 20260430194356.1
035 |a cis2007869351 
040 |a ProQuest  |c ProQuest  |d UtOrBLW 
043 |a n-us--- 
099 |a CRS-2009-DSP-0694 
110 2 |a Library of Congress.  |b Congressional Research Service. 
245 1 0 |a Section 202 and Other HUD Rental Housing Programs for Low-Income Elderly Residents. 
264 1 |a [Place of publication not identified] :  |b [publisher not identified],  |c 2009. 
300 |a 1 online resource. 
336 |a text  |b txt  |2 rdacontent 
337 |a computer  |b c  |2 rdamedia 
338 |a online resource  |b cr  |2 rdacarrier 
500 |a Record is based on bibliographic data in ProQuest U.S. Congressional Research Digital Collection (last viewed Dec. 2010). Reuse except for individual research requires license from ProQuest, LLC. 
500 |a CRS Report. 
520 |a Describes HUD-operated programs that provide assisted housing and supportive services for the low-income elderly, and emphasizes the section 202 program providing direct, low-interest loans for new construction of rental housing for the elderly. Details current developments concerning housing for the elderly, including funding, legislation, preservation of federally assisted housing, and children in elderly housing developments. 
500 |a Electronic resource. 
650 0 |a Children. 
650 0 |a Federal aid to housing. 
650 0 |a Loans. 
655 7 |a Electronic books.  |2 local 
710 2 |a ProQuest (Firm) 
776 0 8 |i Microfiche version:   |a Library of Congress. Congressional Research Service.  |t Section 202 and Other HUD Rental Housing Programs for Low-Income Elderly Residents 
830 0 |a U.S. Congressional Research. 
856 4 0 |u http://proxy.library.tamu.edu/login?url=https://congressional.proquest.com/congcomp/getdoc?CRDC-ID=CRS-2009-DSP-0694  |z Connect to the full text of this electronic book  |t 0 
999 |a MARS 
999 f f |s 21b86210-be48-3afc-ac6f-7018ae286605  |i 99384fe0-231f-3bcb-a40e-dbc0277aec20  |t 0 
952 f f |a Texas A&M University  |b College Station  |c Electronic Resources  |s www_evans  |d Available Online  |t 0  |e CRS-2009-DSP-0694  |h Other scheme 
998 f f |a CRS-2009-DSP-0694  |t 0  |l Available Online